[Event "Gibraltar Challengers B 2019"]
[Site "Caleta"]
[Date "2019.01.28"]
[Round "3"]
[White "Berrocal Ruiz, Valentin"]
[Black "Maldonado Mena, German"]
[Result "1-0"]
[WhiteElo "2127"]
[BlackElo "1808"]
[Annotator "TA"]
[PlyCount "61"]
[EventDate "2019.01.18"]
[EventType "swiss"]
[EventCountry "GGB"]
[SourceTitle "playchess.com"]
[Source "ChessBase"]
[SourceQuality "1"]

{[%evp 17,61,20,29,8,32,20,50,62,63,41,154,158,160,156,175,138,256,235,311,293,499,452,462,407,420,415,856,818,850,823,1280,1272,2127,2043,2618,2538,29990,29988,29991,29992,29992,29988,29988,29986,29989,29987]} 1. e4 e5 2. Nf3 Nc6 3. Nc3 Nf6 4. Bb5 Bb4 5. O-O O-O 6. d3 d6 7. Bg5 Ne7 8. Nh4 c6 9. Bc4 d5 10. Bb3 {C49: Four Knights: 4 Bb5 Bb4} Bg4 11. f3 Bc5+ $146 ({Predecessor:} 11... Be6 12. Bxf6 gxf6 13. f4 Bxc3 14. bxc3 exf4 15. Rxf4 Ng6 16. Nxg6 hxg6 17. Qf3 f5 18. exf5 Bxf5 {1-0 (29) Kanmazalp,O (2457)-Brkic,A (2586) Jerusalem 2015}) 12. Kh1 {White is slightly better.} Be6 13. Qe1 h6 (13... Re8 $14) 14. Bxf6 $1 $16 gxf6 15. f4 exf4 16. Rxf4 d4 (16... Kh7 $16) 17. Ne2 Bxb3 18. axb3 Ng6 $2 (18... Bd6 19. Rg4+ (19. Rxf6 Ng6 $18) 19... Kh8 20. Nxd4 Rg8) 19. Nf5 Re8 20. Rf3 Bf8 21. Rh3 c5 (21... Re5 $142 22. Qd2 Rxf5) 22. Qd2 $18 Re5 23. Nxh6+ Bxh6 24. Qxh6 Rg5 {[#]} 25. Nf4 $1 {[%mdl 512]} a6 (25... Nxf4 26. Qh8#) 26. Rf1 {Intending Nxg6 and mate.} Rb8 {[#]} 27. e5 $1 {[%cal Be4e5,Be5e6,Be6e7][%mdl 544] White mates.} f5 (27... fxe5 28. Qh7+) 28. Nxg6 fxg6 29. e6 {[%csl Gh3][%cal Rh6h8]} Qf6 30. Qh7+ Kf8 {[#]} 31. e7+ $1 {[%mdl 512] Accuracy: White = 75%, Black = 22%.} 1-0

[Event "Gibraltar Challengers B 2019"]
[Site "Caleta"]
[Date "2019.01.28"]
[Round "3"]
[White "Alarcon Olmos, Daniel"]
[Black "Skutta, Bernd"]
[Result "1-0"]
[WhiteElo "2124"]
[BlackElo "1988"]
[Annotator "TA"]
[PlyCount "115"]
[EventDate "2019.01.18"]
[EventType "swiss"]
[EventCountry "GGB"]
[SourceTitle "playchess.com"]
[Source "ChessBase"]
[SourceQuality "1"]

{[%evp 9,115,29,29,0,31,35,74,28,97,65,93,61,77,70,88,27,21,18,95,88,102,88,127,127,133,98,131,128,125,123,391,391,332,49,32,33,35,19,25,25,25,22,27,-17,16,-19,-12,-15,-6,-8,0,0,10,0,2,-17,-13,-13,-14,-16,-17,-18,0,-9,0,-6,-6,-6,-4,-2,-4,-32,-37,-53,-6,-34,-23,-27,-23,-20,-10,-76,-64,-85,-76,-208,-118,-1412,-1018,-2855,-2273,-5501,-2110,-6756,-5385,-29977,-29978,-29977,-29977,-29971,29985,29986,29986,29987,29987,29988,29988,29989]} 1. e4 d6 2. d4 Nf6 3. Bd3 e5 4. Ne2 Be7 5. O-O O-O (5... c6 6. c4 Nbd7 7. Nbc3 O-O 8. h3 Re8 9. Bc2 exd4 10. Nxd4 Ne5 11. b3 Bf8 12. f4 Ng6 13. Qf3 Qa5 14. Nde2 Bd7 15. Be3 Rad8 {½-½ (60) Grigoryan,K (2612)-Starostits,I (2454) Atarrabia 2016}) 6. f4 {B07: Pirc Defence: Miscellaneous Systems} Nbd7 7. c3 c6 8. Nd2 {White is better.} Qb6 (8... c5 $11) 9. Kh1 a5 $146 ({Predecessor:} 9... Re8 10. Nc4 Qc7 11. fxe5 dxe5 12. Ng3 b5 13. Ne3 {½-½ (36) Fuchs,K (1799)-Zimmermann,D (2111) Germany 2007}) 10. Qc2 Qc7 11. Nf3 c5 12. fxe5 ({White should play} 12. dxe5 $1 $16 dxe5 13. c4) 12... dxe5 $11 13. dxe5 c4 (13... Nxe5 $11 14. Nxe5 Qxe5) 14. exf6 $16 Bxf6 15. Bf4 Qc5 16. Bxc4 Qxc4 17. e5 Re8 {[%cal Rd7e5]} 18. b3 Qa6 {[%cal Rd7e5]} 19. Rad1 {Black must now prevent Rd6.} g6 $2 {[%mdl 8192]} (19... Be7 $16 {is a better defense.} 20. c4 Nf8) 20. exf6 Rxe2 21. Rfe1 $2 ({Only move:} 21. Qc1 $1 $18) 21... Rxe1+ $14 ({And not} 21... Rxc2 22. Re8+ Nf8 23. Rxf8+ $1 {[%mdl 512]} Kxf8 24. Rd8#) 22. Rxe1 {Threatens to win with Qd2.} Nxf6 23. Qd2 {aiming for Qd8+.} Bf5 24. Qd4 Re8 25. Rxe8+ Nxe8 26. Qe5 Qf1+ 27. Ng1 Bd7 {Strongly threatening ...Bc6.} 28. Bg3 Bc6 {[%csl Gf1][%cal Rc6g2]} 29. Qe2 $132 {[%mdl 2048] White has counterplay} Qxe2 (29... Qb1 {feels hotter.} 30. Be5 Qf5 31. Bd4 Nd6 32. Qe7 Qf1) 30. Nxe2 $11 {[%mdl 4096] Endgame KBN-KBN} Nf6 31. Nd4 Be4 32. Bc7 a4 33. bxa4 Nd5 {[%mdl 64] Double Attack} 34. Ba5 Ne3 35. Nf3 f5 36. Bb4 Kg7 37. Kg1 Kf6 38. Kf2 Ng4+ 39. Kg3 g5 40. h3 Ne3 {[%mdl 1024] Black has compensation.} 41. Kf2 Nc4 42. Nd4 h5 43. a5 h4 44. Nb3 g4 {Black wants to play ...g3+.} 45. hxg4 (45. Nc5 $11) 45... fxg4 $17 {[%cal Bf5g4,Bg4g3][%mdl 32]} 46. Nc5 Bc6 {...g3+ is the strong threat.} 47. a6 (47. Nd3 $17) 47... bxa6 $19 48. Nxa6 $2 {[%mdl 8192]} (48. Nd3 $17) 48... g3+ 49. Kg1 Ne3 50. Bd6 Nxg2 51. Nb4 Be4 52. c4 Kf5 53. Nd5 Bxd5 $1 54. cxd5 {[#]} Nf4 $4 {[%mdl 8192]} (54... Ne3 $1 {and all is fine.} 55. Bb8 Kg4 56. d6 h3 57. d7 h2+ 58. Kh1 Nd1 59. Kg2 Nf2 60. Bxg3 h1=Q+ 61. Kxf2 Qf3+ {[%mdl 64] Double Attack} 62. Ke1 Qd3 63. d8=Q Qxd8 64. Ke2 Kxg3 65. Ke3 Qd5 66. a4 Qc4 67. a5 Qc3+ 68. Ke4 Qxa5 69. Kd3 Kf3 70. Kc2 Qb5 71. Kc3 Ke3 72. Kc2 Qb4 73. Kc1 Kd3 74. Kd1 Qd2#) 55. Bxf4 $1 {White mates.} Kxf4 56. d6 Kf3 57. d7 h3 58. d8=Q {Accuracy: White = 29%, Black = 43%.} 1-0

[Event "Gibraltar Challengers B 2019"]
[Site "Caleta"]
[Date "2019.01.28"]
[Round "3"]
[White "Osuna Vega, Enrique"]
[Black "James, Kevin"]
[Result "1-0"]
[WhiteElo "2116"]
[BlackElo "1948"]
[Annotator "TA"]
[PlyCount "97"]
[EventDate "2019.01.18"]
[EventType "swiss"]
[EventCountry "GGB"]
[SourceTitle "playchess.com"]
[Source "ChessBase"]
[SourceQuality "1"]

{[%evp 9,97,0,8,3,9,15,20,10,37,12,51,25,33,13,64,0,80,85,94,67,97,37,110,-18,-13,-15,-17,-15,-16,-13,-13,-18,-7,-14,25,35,20,37,35,40,23,22,18,26,45,39,35,21,57,64,45,35,31,11,55,17,36,0,0,0,0,0,0,0,0,-52,0,-458,-434,-367,188,-45,0,0,1150,916,391,-17,608,586,29984,29985,29984,29984,29987,29988,29991,29991,29994,29994]} 1. e4 {[%cal Be2e4,Be4e5][%mdl 32]} c6 2. d4 d5 3. e5 c5 4. c4 cxd4 5. Qxd4 Nc6 6. Qxd5 {B12: Caro-Kann: Advance Variation} Qxd5 7. cxd5 Nxe5 8. Bf4 {The position is equal.} Ng6 9. Bg3 Nf6 10. Nc3 a6 11. Be2 $146 ({Predecessor:} 11. h4 h5 12. Bd3 b5 13. Nf3 b4 14. Na4 Nxd5 15. Bxg6 fxg6 16. O-O-O Be6 17. Rhe1 Rc8+ {1-0 (17) Nakamura,H (2741)-Mohsen,A (2185) Oslo 2010}) 11... Bf5 ({Better is} 11... b5 $11) 12. Bf3 (12. h4 $14 e5 13. dxe6) 12... Bg4 (12... Nd7 $11 {keeps the balance.}) 13. Bxg4 Nxg4 14. Nf3 h5 {[%cal Bh7h5,Bh5h4][%mdl 32]} 15. h3 ({White should try} 15. h4 $16) 15... Nf6 (15... h4 $1 $14 16. Nxh4 (16. hxg4 hxg3 17. Rxh8 gxf2+ 18. Kxf2 Nxh8 $14) 16... Nxf2 17. Bxf2 (17. Kxf2 Nxh4 18. Rad1 Nf5 $14) 17... Nxh4) 16. O-O (16. h4 $16) 16... h4 $1 $11 {[%cal Rh4g3]} 17. Bh2 Rh5 18. Rad1 Rd8 {[%cal Rf6d5]} 19. Bc7 Rd7 20. d6 $1 exd6 21. Rfe1+ Be7 (21... Ne5 $5 22. Nxe5 Rxe5 23. Rxe5+ dxe5 24. Bxe5 Rxd1+ 25. Nxd1 Ne4 $11) 22. Bxd6 $1 Kd8 23. Bxe7+ Nxe7 24. Rxd7+ Nxd7 25. Re4 Ng6 26. Rd4 Kc7 27. Nd5+ Kc6 28. Nf4 Nxf4 29. Rxf4 Ne5 30. Nxe5+ Rxe5 31. Rxf7 $14 {[%mdl 4096] Endgame KR-KR} Re1+ 32. Kh2 Re2 33. g4 Rxb2 34. g5 Rxa2 35. Kg2 b5 36. Rxg7 b4 37. Rg8 ({White should play} 37. Rg6+ $11 Kd7 38. Kf3) 37... Rd2 (37... Ra5 $15 38. g6 Rg5+ 39. Kf3 b3) 38. Rb8 $2 {[%mdl 8192]} (38. g6 $11 {and White stays safe.} Rd7 39. Kf3) 38... a5 $19 39. Kf3 Kc5 $4 {[%mdl 8192]} (39... Rd5 $1 $19 {[%cal Rd5g5] and life is good for Black.} 40. Kf4 Kc7) 40. Ke3 $2 (40. g6 $1 $18 {[%cal Rg6g7]} Rd7 41. Ke4) 40... Rd6 {White must now prevent ...a4.} 41. f4 {And now f5 would win.} a4 $2 {[%mdl 8192]} (41... Re6+ $11 42. Kd3 Rd6+ 43. Ke4 a4) 42. f5 $18 a3 {[#]} 43. Ra8 $2 (43. g6 $1 $18 {[%cal Rg6g7] g7 is the strong threat.} a2 44. Ra8) 43... Kc4 $2 {[%mdl 8192] [#]} (43... b3 $11 44. f6 (44. Rxa3 $2 b2 $19) 44... b2) 44. f6 $1 {[%cal Rf6f7]} Rd7 45. g6 {White mates.} Rd3+ 46. Ke2 Rg3 47. f7 b3 48. f8=Q b2 49. Qf7+ {Accuracy: White = 41%, Black = 42%.} 1-0

[Event "Gibraltar Challengers B 2019"]
[Site "Caleta"]
[Date "2019.01.28"]
[Round "3"]
[White "Verneuil, Pascal"]
[Black "Meszaros, Andras"]
[Result "0-1"]
[WhiteElo "2114"]
[BlackElo "2226"]
[Annotator "TA"]
[PlyCount "110"]
[EventDate "2019.01.18"]
[EventType "swiss"]
[EventCountry "GGB"]
[SourceTitle "playchess.com"]
[Source "ChessBase"]
[SourceQuality "1"]

{[%evp 16,110,-11,-20,-14,-12,0,-4,-31,-62,-42,-61,-49,-47,-40,-118,-110,-98,-86,-110,-104,-117,-68,-60,-33,-252,-14,-305,-302,-279,-285,-286,-235,-258,-201,-239,-211,-350,-305,-371,-345,-366,-355,-512,-514,-500,-342,-536,-524,-619,-632,-628,-637,-649,-643,-602,-631,-772,-768,-719,-518,-516,-441,-437,-437,-772,-780,-760,-746,-672,-659,-9935,-9935,-9281,-9160,-7856,-8468,-6924,-4810,-29970,-29971,-29981,-29975,-29975,-29976,-29976,-29977,-29976,-29977,-29982,-29983,-29985,-29986,-29986,-29987,-29988,-29985]} 1. e4 e6 2. d4 d5 3. Bd3 dxe4 4. Bxe4 Nf6 5. Bf3 c5 6. Ne2 Nc6 {C01: French: Exchange Variation} 7. c3 (7. Be3 Nd5 8. Bxd5 Qxd5 9. Nbc3 Qxg2 10. Rg1 Qf3 11. Nb5 Rb8 12. dxc5 Bd7 13. Nc7+ Kd8 14. Nb5 {0-1 (54) Kramnik,V (2808)-Caruana,F (2808) Stavanger 2017}) 7... Be7 8. O-O O-O 9. Be3 {LiveBook: 3 Games} cxd4 10. Nxd4 Nd5 {[%cal Bf6d5,Bd5f4,Bf4e6,Be6d4][%mdl 32]} 11. Nxc6 bxc6 12. Qc1 $146 ({Predecessor:} 12. Bd4 Ba6 13. Be2 Qc8 14. Nd2 {1-0 (48) Rogulj,B (2414)-Mrdja,M (2368) Velika Gorica 2012}) 12... Qc7 13. Bg5 f6 14. Bh4 e5 15. c4 ({White should play} 15. Re1 $15) 15... Nf4 $17 16. Bg3 Ne6 17. Nc3 Nd4 {Hoping for ...f5.} 18. Bd1 a5 19. f4 Nf5 20. Bb3 $2 {[#]} (20. Bf2 $15) 20... a4 $2 (20... Nxg3 $19 21. hxg3 Bc5+ 22. Kh2 Qf7) 21. Bc2 $2 {[%mdl 8192]} (21. Nxa4 $11 {and White is okay.} Nxg3 22. hxg3) 21... Nxg3 $19 22. hxg3 Bc5+ 23. Kh2 a3 {[#] Threatens to win with ...axb2.} 24. f5 axb2 25. Qxb2 Bd4 $40 {[%mdl 128] Black wants a kill.} 26. Bb3 (26. Rad1 $142) 26... g6 27. c5+ Kh8 28. Rad1 Bxf5 29. Rxd4 (29. Qc1 {was worth a try.} Qa7 30. Na4) 29... exd4 30. Ne2 Rad8 31. Qd2 (31. Nxd4 {was forced.} Qe5 32. Rf4) 31... Qe5 32. Rf4 d3 33. Ng1 Qxc5 34. Nf3 Kg7 35. Rc4 Qd6 36. Nd4 Be4 37. Ra4 Bd5 38. Qxd3 Bxb3 39. Qxb3 Rfe8 40. Qb7+ (40. Nf3 $142) 40... Rd7 41. Qxc6 Qxc6 42. Nxc6 {[%mdl 4096] Endgame KRR-KRN} Re2 43. Rd4 Rxd4 44. Nxd4 Rxa2 {KR-KN} 45. Ne6+ Kf7 46. Nf4 g5 47. Nh3 h5 {Black mates.} 48. Kh1 Ra1+ 49. Kh2 Rf1 50. Ng1 Ke6 51. Ne2 Kd5 52. Ng1 Ke4 53. Nf3 Rxf3 54. gxf3+ Kxf3 55. Kh3 Kf2 {Accuracy: White = 31%, Black = 64%.} 0-1

[Event "Gibraltar Challengers B 2019"]
[Site "Caleta"]
[Date "2019.01.28"]
[Round "3"]
[White "Bottema, Martin"]
[Black "Hng, Mei-Xian Eunice"]
[Result "1/2-1/2"]
[WhiteElo "2104"]
[BlackElo "1718"]
[Annotator "TA"]
[PlyCount "51"]
[EventDate "2019.01.18"]
[EventType "swiss"]
[EventCountry "GGB"]
[SourceTitle "playchess.com"]
[Source "ChessBase"]
[SourceQuality "1"]

{[%evp 22,51,64,65,84,77,87,82,112,58,87,37,37,4,9,0,0,0,3,-39,-21,-15,-12,-8,-12,-57,-54,-64,-64,-48,-42,-62]} 1. Nf3 c5 2. c4 Nf6 3. Nc3 e6 4. g3 Nc6 5. Bg2 d5 6. cxd5 exd5 7. d4 Be7 8. O-O h6 9. dxc5 Bxc5 10. a3 O-O 11. b4 {D34: Tarrasch Defence: 6 g3 Nf6 7 Bg2 Be7} Be7 12. Bb2 {LiveBook: 8 Games} Bf5 (12... Be6 13. Rc1 Rc8 14. Qd3 Qd7 15. Rfd1 Rfd8 16. Qb1 Qe8 17. e3 a6 18. Qa1 Qf8 19. Ne2 Ne4 20. Nf4 Bf6 {1-0 (67) Artemiev,V (2696)-Faizrakhmanov,R (2421) St Petersburg 2017}) 13. Nd4 {White is better.} Bg6 $146 ({Predecessor:} 13... Bh7 14. Nb3 d4 15. Na4 d3 16. Nac5 a5 17. b5 Qb6 18. bxc6 Bxc5 19. Nxc5 Qxb2 20. Nxd3 Bxd3 21. cxb7 Bxe2 22. bxa8=Q Bxd1 23. Qxa5 Qxa1 {1-0 (45) Stella,A (2455)-Gavasheli,A (2203) Figueira da Foz 2016}) 14. Rc1 Rc8 15. Bh3 (15. Nb3 $16) 15... Rb8 $14 16. Nf5 Re8 17. Nxe7+ Qxe7 18. Re1 Rbd8 19. Nb5 Ne4 $36 {[%mdl 2048] Black is more active.} 20. Bg2 (20. Bd4 {with more complications.} Bh5 21. Bf1 a6 22. Nc3 f5 23. Bg2) 20... a6 (20... d4 $5) 21. Nc3 d4 22. Nxe4 Bxe4 23. Qd2 Bxg2 {Black is slightly better.} 24. Kxg2 Qe4+ 25. Kg1 Rd5 26. Rcd1 {Precision: White = 40%, Black = 71%.} 1/2-1/2

[Event "Gibraltar Challengers B 2019"]
[Site "Caleta"]
[Date "2019.01.28"]
[Round "3"]
[White "Havik, Victor"]
[Black "Pinho, Paulo"]
[Result "0-1"]
[WhiteElo "2088"]
[BlackElo "2205"]
[Annotator "TA"]
[PlyCount "44"]
[EventDate "2019.01.18"]
[EventType "swiss"]
[EventCountry "GGB"]
[SourceTitle "playchess.com"]
[Source "ChessBase"]
[SourceQuality "1"]

{[%evp 20,44,37,15,30,-120,-6,-266,-262,-292,-239,-233,-254,-243,-241,-379,-373,-363,-367,-380,-377,-381,-377,-425,-388,-415,-333]} 1. d4 Nf6 2. c4 g6 3. Nc3 Bg7 4. e4 d6 5. Nf3 O-O 6. Be2 e5 7. O-O Nc6 8. d5 Ne7 9. b4 Nh5 10. Re1 f5 11. Ng5 a5 {E97: King's Indian: Classical Main Line (6...e5 7 0-0 Nc6): 8 Be3 and 8 d5 Ne7, not 9 Ne1} (11... Nf6 12. Bf3 h6 13. Ne6 Bxe6 14. dxe6 c6 15. b5 fxe4 16. Nxe4 Nxe4 17. Bxe4 d5 18. cxd5 cxd5 19. Ba3 dxe4 20. Qxd8 Rfxd8 21. Bxe7 {½-½ (38) Gozzoli,Y (2596)-Bacrot,E (2699) Nimes 2018}) 12. Ba3 ({White should try} 12. b5 $11) 12... Nf4 (12... axb4 $17 13. Bxb4 c5 14. Bxc5 h6 15. Bxh5 hxg5) 13. Bf3 $2 {[%mdl 8192]} (13. b5 $11 {and White is okay.}) 13... h6 $146 {Black has a decisive advantage.} ({Predecessor:} 13... Nexd5 14. Nxd5 Qxg5 15. Nxf4 fxe4 16. Qd5+ Kh8 17. Rxe4 Rxf4 18. Bc1 c6 19. Qxd6 {½-½ (32) Fomichenko,E (2458)-Jaureguiberry,C (2150) Creon 2010}) 14. Ne6 Bxe6 15. dxe6 axb4 (15... Nxe6 16. b5 $15) 16. Bxb4 c5 {[%cal Bc7c5,Bc5b4][%mdl 96] [#] Trapped Piece} ({Not} 16... Nxe6 {[#]} 17. c5 $1 $17 {[%mdl 512]}) 17. exf5 (17. Bxc5 $142 dxc5 18. Qd7) 17... cxb4 18. Nd5 Nfxd5 19. Bxd5 gxf5 20. Rb1 Qa5 21. Re3 Qc5 22. Qd2 Ra5 {Accuracy: White = 23%, Black = 66%.} 0-1

[Event "Gibraltar Challengers B 2019"]
[Site "Caleta"]
[Date "2019.01.28"]
[Round "3"]
[White "Schouten, Freek"]
[Black "Gostelow, David W"]
[Result "1/2-1/2"]
[WhiteElo "2087"]
[BlackElo "1850"]
[Annotator "NA RC"]
[PlyCount "36"]
[EventDate "2019.01.18"]
[EventType "swiss"]
[EventCountry "GGB"]
[SourceTitle "playchess.com"]
[Source "ChessBase"]
[SourceQuality "1"]
[TimeControl "6600+10"]

{[%evp 8,36,48,32767,32767,32767,32767,32767,14,32767,32,32767,32767,-10,32767,-16,0,32767,32767,-87,-65,32767,32767,29,32767,32767,18,32767,32767,32767,25]} 1. d4 {[%emt 0:00:00]} d5 {[%emt 0:00:06]} 2. Nf3 {[%emt 0:00:15]} Nf6 {[%emt 0:00:44]} 3. c4 {[%emt 0:00:33]} c6 {[%emt 0:00:02]} 4. Nc3 {[%emt 0:00:06]} Qb6 {[%emt 0:00:34] LiveBook: 168 Games} 5. Qc2 {[%emt 0:04:31] D15: Slav Defence: 4 Nc3 a6 and gambit lines after 4 Nc3 dxc4} (5. e3 Bf5 6. Bd3 Bxd3 7. Qxd3 e6 8. O-O Qa6 9. b3 Bb4 10. Bd2 O-O 11. a3 Bxc3 12. Bxc3 Nbd7 13. Rfd1 b6 {1-0 (57) Salem,A (2656)-Nakamura,H (2779) Doha 2016}) 5... g6 {[%emt 0:03:11]} 6. Bf4 {[%emt 0:03:48]} Bf5 {[%emt 0:00:37]} 7. Qc1 {[%emt 0:05:01]} Bg7 $146 {[%emt 0:12:00]} ({Predecessor:} 7... dxc4 8. e3 Na6 9. a3 Bd3 10. Bxd3 cxd3 11. O-O Bg7 12. Ne5 Nh5 13. Nxd3 Nxf4 14. Nxf4 {1-0 (50) Anurag,J-Mohammad,M (2055) Kolkata 2002}) 8. e3 {[%emt 0:02:02]} O-O {[%emt 0:03:49]} 9. Nh4 {[%emt 0:07:29]} Be6 {[%emt 0:01:45]} 10. c5 {[%emt 0:01:18]} Qd8 {[%emt 0:01:08]} 11. h3 {[%emt 0:03:27]} Nbd7 {[%emt 0:05:12]} 12. Bd3 {[%emt 0:00:31]} b6 {[%emt 0:04:03]} 13. b4 {[%emt 0:00:32]} (13. cxb6 $1 $11 {keeps the balance.} Qxb6 14. Nf3) 13... bxc5 {[%emt 0:00:45]} 14. bxc5 {[%emt 0:00:15]} Qa5 {[%emt 0:00:12]} 15. O-O {[%emt 0:00:54]} Nh5 {[%emt 0:00:12]} 16. Bh2 {[%emt 0:16:23]} Bf6 {[%emt 0:03:26]} ({Black should try} 16... Nxc5 $1 $17 17. Be2 Ne4 18. Nxe4 dxe4 19. Qxc6 Nf6) 17. Nf3 {[%emt 0:07:26]} Nxc5 {[%emt 0:00:29]} 18. Be2 {[%emt 0:00:37]} Ng7 $11 {[%emt 0:26:57]} 1/2-1/2

[Event "Gibraltar Challengers B 2019"]
[Site "Caleta"]
[Date "2019.01.28"]
[Round "3"]
[White "Diaz Mino, Pablo"]
[Black "Orndahl, Markus"]
[Result "1/2-1/2"]
[WhiteElo "2085"]
[BlackElo "2173"]
[Annotator "TA"]
[PlyCount "112"]
[EventDate "2019.01.18"]
[EventType "swiss"]
[EventCountry "GGB"]
[SourceTitle "playchess.com"]
[Source "ChessBase"]
[SourceQuality "1"]

{[%evp 13,112,25,33,25,33,33,36,25,58,-2,8,-4,12,0,0,-5,18,-3,-7,-20,0,-15,6,-4,46,65,55,64,77,26,35,22,62,74,59,-107,-110,-94,-86,-100,-104,-108,-91,-107,0,-206,-197,-208,-68,-62,-9,-15,0,0,0,0,0,-35,-37,-25,-24,-89,-79,-78,-59,-43,-26,-88,-81,-116,-39,-74,-79,-110,-76,-81,0,-64,-81,-88,-79,-73,-67,-71,-45,-44,-41,-44,0,0,0,0,0,0,0,0,0,0,0,-67,-33]} 1. d4 d5 2. c4 c6 3. Nf3 Nf6 4. e3 g6 5. Nbd2 Bg7 6. Be2 O-O 7. O-O Nbd7 {LiveBook: 18 Games} 8. b3 {D02: 1 d4 d5 2 Nf3 sidelines, including 2...Nf6 3 g3 and 2...Nf6 3 Bf4} b6 9. Bb2 Bb7 10. Qc2 {White is slightly better.} (10. a4 a5 11. Rc1 e6 12. Qc2 c5 13. Rfd1 Rc8 14. Qb1 Qe7 15. Qa1 Rfd8 {½-½ (57) Anton Guijarro,D (2650)-Motylev,A (2663) Tallinn 2016}) 10... Rc8 11. e4 (11. b4 $14) 11... dxe4 12. Nxe4 Qc7 13. Ng3 Rfe8 14. Rad1 $146 ({Predecessor:} 14. Rfe1 e6 15. b4 c5 16. dxc5 bxc5 {1-0 (57) Casas,N (1818)-Kaciusis,D (1690) Montevideo 2016}) 14... e6 15. Rd2 c5 16. dxc5 bxc5 17. Rfd1 e5 18. Ng5 Bh6 19. h4 $1 Re7 20. Qc3 Nb8 21. Bf3 (21. Qe3 $16) 21... Nc6 $1 $11 22. Bxc6 $1 Qxc6 {[%csl Gb7][%cal Rc6g2]} 23. f3 {Hoping for Rd6.} Qc7 24. Qe3 $2 {[#]} (24. Rd3 $14 {keeps the upper hand.}) 24... Ne8 $1 $17 25. Qc3 f6 26. N5e4 Bxd2 27. Qxd2 f5 28. Nc3 e4 (28... Re6 $17 29. Nd5 Bxd5 30. Qxd5 Qd6) 29. Nd5 $2 {[#]} (29. Qg5 $1 $11 Rf7 30. fxe4 fxe4 31. Ncxe4) 29... Bxd5 $1 $19 30. Qxd5+ Rf7 ({Black should play} 30... Kf8 $19 31. Nxf5 gxf5 32. Qxf5+ Rf7 33. Qxe4 Rd8) 31. Be5 $15 Qb7 (31... Qe7 $15 32. fxe4 Nc7) 32. fxe4 fxe4 33. Nxe4 Qxd5 34. Rxd5 Re7 35. Nxc5 Nc7 36. Bxc7 $1 Rcxc7 {[%mdl 4096] Endgame KRR-KRN} 37. b4 (37. Kf2 $11) 37... Re1+ {[%mdl 1024] Black has strong compensation.} 38. Kh2 Rc1 39. Rd8+ $1 Kf7 40. Rh8 (40. Rd4 $11 {keeps the balance.}) 40... Kf6 $17 41. Rf8+ Ke7 (41... Rf7 $17 42. Rc8 Re7) 42. Rf4 Rc2 43. Re4+ Kf6 44. Rf4+ Ke7 45. Re4+ Kf7 $1 46. Rf4+ Ke8 47. a3 Rf7 48. Rg4 Rf1 (48... Rf3 $5 49. a4 Ra3 $15) 49. Re4+ Kf7 50. Nb7 Rcc1 51. Nd6+ Kf6 52. Ne8+ Kf7 53. Nd6+ Kf6 54. Ne8+ Kf7 55. Nd6+ Kf6 56. Re3 (56. Ne8+ $11 Kf5 57. Nd6+ Kf6) 56... Rce1 {Accuracy: White = 44%, Black = 53%.} 1/2-1/2